Planificación estratégica de ciudades, nuevos instrumentos y procesos.
| Main Author: | |
|---|---|
| Format: | Section = Libro |
| Language: | Undetermined Spanish |
| Published: |
Barcelona
Reverté
2006
|
| Subjects: |
| LEADER | 00584nam a2200205Ia 4500 | ||
|---|---|---|---|
| 008 | 240829s9999 xx 000 0 und d | ||
| 020 | |a 978-84-291-2110 | ||
| 040 | |a BIBLIOTECA-RUSB/ 711.4 F363 | ||
| 041 | |a spa | ||
| 082 | |a 711.4 F363 | ||
| 100 | 1 | |a Fernández Guell, José Miguel | |
| 245 | 1 | 0 | |a Planificación estratégica de ciudades, nuevos instrumentos y procesos. |
| 260 | |a Barcelona |b Reverté |c 2006 | ||
| 300 | |a 299 p. :il. | ||
| 650 | 7 | |a DESARROLLO URBANO | |
| 650 | 7 | |b GESRION URBANA | |
| 650 | 7 | |c URBANISMO - ESPAÑA | |
| 942 | |c BK |2 ddc | ||
| 991 | |a TEXTO | ||
| 999 | |c 4784 | ||